Como ser um Palestrante Jurd̕ico

Detalles Bibliográficos
Autor principal: Sv̀io Zainaghi, Domingos
Formato: eBook
Lenguaje:portugués
Publicado: San Pablo: JH Mizuno, 2018
Materias:
Acceso en línea:Acceso restringido

MARC

LEADER 00000nam a22000007a 4500
005 20190723004322.0
007 cr|||| ||||
008 190723s2018 br |||||s|||| 00||0 por d
020 |a 978-85-7789-416-1 
035 |a 23825 
040 |a vLex 
090 |c 9049  |d 9049 
100 1 |a Sv̀io Zainaghi, Domingos 
245 1 0 |a Como ser um Palestrante Jurd̕ico  |h [Recurso electrn̤ico] /  |c Domingos Sv̀io Zainaghi 
256 |a Servicio en ln̕ea 
260 |a San Pablo:  |b JH Mizuno,  |c 2018 
300 |a 1 recurso electrn̤ico 
500 |a Livro pioneiro sobre o tema, escrito por um dos mais requisitados palestrantes jurd̕icos brasileiros, para apresentaė̳s no Brasil e no exterior. Contm̌ informaė̳s importantes de como preparar uma palestra, como controlar a ansiedade e a inseguranȧ, como ser uma pessoa simpt̀ica e constantemente convidada para falar em congressos e eventos. O leitor aprender ̀como enfrentar as dificuldades de falar em pb︢lico e at ̌algum assistente hostil, chamado pelo autor de “espr̕ito de porco”. Se voc ̊tem o sonho de ser um palestrante jurd̕ico ou j ̀est ̀iniciando nessa atividade, encontrar ̀neste trabalho um manancial completo que lhe ajudar ̀a ser uma pessoa reconhecida e muito requisitada. Com mais de 30 anos de experin̊cia, o autor divide com os leitores todo seu conhecimento. 
506 1 |a Disponible solo en los productos indicados  |d vLex Global  |d vLex Global (Academic Edition, excluding Law Schools)  |d vLex Global (U.S. Academic Edition, Law Schools)  |d vLex Global (U.S. Academic Edition, excluding Law Schools)  |d vLex Global (Academic Edition, Law Schools) 
650 0 4 |a Abogados  |z Brasil 
740 0 |a vLex Libros (Servicio en ln̕ea) 
856 4 0 |u http://vlex.com/source/como-ser-um-palestrante-juridico-23825  |z Acceso restringido 
942 |c BOOK 
999 0 |a Lawyers